000 00917aas a2200229 4500
999 _c53821
_d53821
001 768714001
003 CO-MdFUSB
005 20171120155521.0
008 170808s1997 xxu||||| |||| 00| 0 eng d
022 _a0098-9444
040 _aCO-MdFUSB
_bspa
_cCO-MdFUSB
_dCO-MdFUSB
041 _aeng
100 _aShanks, Hershel
_eautor
242 1 3 _aEl mundo de la biblia :
_bamerica necesita un museo de arqueología bíblica
245 1 0 _aBibleWorld :
_bamerica needs a museum af biblical archaeology
_c/ Hershel Shanks
300 _aVolumen 23. Número 5 (1997), página 6
_c: 28 cm.
520 _aObservación frente a la necesidad de un museo de arqueología bíblica en América por el incremento del turismo
546 _aTexto en inglés
650 7 _9403
_aExcavaciones arqueológicas
773 0 _tBiblical Archaeology Review
_049395
_959488
_gVolumen 23. Número 5 (1997), página 6
_qPágina 6
942 _cANA